| 000 | 00657nam a2200217 a 4500 | ||
|---|---|---|---|
| 001 | BRL_733 | ||
| 005 | 20190320210855.0 | ||
| 008 | 300913s1962----gw-a######---#000-0#ger-# | ||
| 041 | _ager | ||
| 044 | _agw | ||
| 050 | 4 |
_aRB37 _b.M44 1962 |
|
| 110 | 2 |
_aMerck (E.) A.G., Darmstadt _924781 |
|
| 245 | 1 | 0 |
_aMedizinisch-Chemische Untersuchungsmethoden _cHerausgegeben von E. Merck AG, Darmstadt |
| 260 |
_aWeinheim _bVerlag Chemie GMBH _c1962 |
||
| 300 |
_axvi, 392 p. _bil. _c21 cm. |
||
| 500 | _aAu839 | ||
| 650 | 1 | 4 |
_aDiagnóstico de laboratorio _924782 |
| 650 | 1 | 4 |
_aQuímica farmacéutica _vManuales de laboratorio _924783 |
| 902 | _aGRL | ||
| 942 |
_2lcc _cB |
||
| 999 |
_c9545 _d9545 |
||